00664nam a22000737a 4500008004100000245001900041300001900060653051100079190410| ||| | ||||||0| ||spa d aHueso Parietal eHueso Parietal aHueso del cráneo, plano, par, de forma cuadriláteraa Tiene dos caras, interna (endocraneal) y externa (exocraneal), y cuatro bordes con sus respectivos cuatro ángulosaSe encuentra cubriendo la porción superior y lateral del cráneo, por detrás del frontal, por delante del occipital y por encima del temporal y el esfenoidesaAmbos huesos parietales se articulan a través de una línea media: la sutura sagital.aEl hueso parietal se articula mediante sinfibrosis con otros huesos craneales